000 00639nam a22002417a 4500
003 UA-OsUOA
001 72968
007 ta
008 20110207b un ||||| |||| 00| 0 ukr d
100 _aВегешна Ш.
090 _a004.7
_bВ26
942 _cBK
040 _aUA-OsUOA
_brus
_cUA-OsUOA
_dUA-OsUOA
245 _aКачество обслуживания в сетях ІР
300 _a368 с.
955 _a2
041 _arus
080 _a004.7
020 _a5-8459-0404-8
260 _aМ.
_bВильямс
_c2003
650 7 _a00 Загальні питання науки і культури
_2UDC
999 _c359252
_d359252